<?xml version="1.0" encoding="UTF-8"?>
<record
    xmlns:xsi="http://www.w3.org/2001/XMLSchema-instance"
    xsi:schemaLocation="http://www.loc.gov/MARC21/slim http://www.loc.gov/standards/marcxml/schema/MARC21slim.xsd"
    xmlns="http://www.loc.gov/MARC21/slim">

  <leader>00497nam a22001937a 4500</leader>
  <controlfield tag="005">20260515114952.0</controlfield>
  <controlfield tag="008">230907b           ||||| |||| 00| 0 eng d</controlfield>
  <datafield tag="020" ind1=" " ind2=" ">
    <subfield code="a">9789389491746</subfield>
  </datafield>
  <datafield tag="040" ind1=" " ind2=" ">
    <subfield code="a">IN-DiNC</subfield>
    <subfield code="c">IN-DiNC</subfield>
  </datafield>
  <datafield tag="041" ind1=" " ind2=" ">
    <subfield code="d">eng</subfield>
  </datafield>
  <datafield tag="082" ind1=" " ind2=" ">
    <subfield code="a">954</subfield>
    <subfield code="b">SEN</subfield>
  </datafield>
  <datafield tag="100" ind1=" " ind2=" ">
    <subfield code="a">Sen, Sanjay</subfield>
    <subfield code="e">author</subfield>
  </datafield>
  <datafield tag="245" ind1=" " ind2=" ">
    <subfield code="a">Understanding India (VAC1)/</subfield>
    <subfield code="c">by Sanjay Sen</subfield>
  </datafield>
  <datafield tag="250" ind1=" " ind2=" ">
    <subfield code="a">1st ed.</subfield>
  </datafield>
  <datafield tag="260" ind1=" " ind2=" ">
    <subfield code="a">Guwahati:</subfield>
    <subfield code="b">Ashok publications,</subfield>
    <subfield code="c">2023.</subfield>
  </datafield>
  <datafield tag="300" ind1=" " ind2=" ">
    <subfield code="a">348p.</subfield>
  </datafield>
  <datafield tag="650" ind1=" " ind2=" ">
    <subfield code="a">History of India</subfield>
  </datafield>
  <datafield tag="942" ind1=" " ind2=" ">
    <subfield code="2">ddc</subfield>
    <subfield code="c">BK</subfield>
  </datafield>
  <datafield tag="999" ind1=" " ind2=" ">
    <subfield code="c">11607</subfield>
    <subfield code="d">11607</subfield>
  </datafield>
  <datafield tag="952" ind1=" " ind2=" ">
    <subfield code="0">0</subfield>
    <subfield code="1">0</subfield>
    <subfield code="2">ddc</subfield>
    <subfield code="4">0</subfield>
    <subfield code="7">0</subfield>
    <subfield code="8">HIS</subfield>
    <subfield code="a">MAIN</subfield>
    <subfield code="b">MAIN</subfield>
    <subfield code="c">GEN</subfield>
    <subfield code="d">2023-09-07</subfield>
    <subfield code="g">295.00</subfield>
    <subfield code="l">2</subfield>
    <subfield code="o">954 SEN</subfield>
    <subfield code="p">29349</subfield>
    <subfield code="r">2024-02-22 00:00:00</subfield>
    <subfield code="s">2024-02-20</subfield>
    <subfield code="t">1</subfield>
    <subfield code="w">2023-09-07</subfield>
    <subfield code="y">BK</subfield>
  </datafield>
  <datafield tag="952" ind1=" " ind2=" ">
    <subfield code="0">0</subfield>
    <subfield code="1">0</subfield>
    <subfield code="2">ddc</subfield>
    <subfield code="4">0</subfield>
    <subfield code="7">0</subfield>
    <subfield code="8">HIS</subfield>
    <subfield code="a">MAIN</subfield>
    <subfield code="b">MAIN</subfield>
    <subfield code="c">GEN</subfield>
    <subfield code="d">2023-09-07</subfield>
    <subfield code="g">295.00</subfield>
    <subfield code="l">1</subfield>
    <subfield code="o">954 SEN</subfield>
    <subfield code="p">29350</subfield>
    <subfield code="r">2023-12-21 00:00:00</subfield>
    <subfield code="s">2023-11-08</subfield>
    <subfield code="t">2</subfield>
    <subfield code="w">2023-09-07</subfield>
    <subfield code="y">BK</subfield>
  </datafield>
  <datafield tag="952" ind1=" " ind2=" ">
    <subfield code="0">0</subfield>
    <subfield code="1">0</subfield>
    <subfield code="2">ddc</subfield>
    <subfield code="4">0</subfield>
    <subfield code="7">0</subfield>
    <subfield code="8">HIS</subfield>
    <subfield code="a">MAIN</subfield>
    <subfield code="b">MAIN</subfield>
    <subfield code="c">GEN</subfield>
    <subfield code="d">2023-09-07</subfield>
    <subfield code="g">295.00</subfield>
    <subfield code="l">5</subfield>
    <subfield code="o">954 SEN</subfield>
    <subfield code="p">29351</subfield>
    <subfield code="r">2025-11-12 05:34:57</subfield>
    <subfield code="s">2025-11-06</subfield>
    <subfield code="t">3</subfield>
    <subfield code="w">2023-09-07</subfield>
    <subfield code="y">BK</subfield>
  </datafield>
  <datafield tag="952" ind1=" " ind2=" ">
    <subfield code="0">0</subfield>
    <subfield code="1">0</subfield>
    <subfield code="2">ddc</subfield>
    <subfield code="4">0</subfield>
    <subfield code="7">0</subfield>
    <subfield code="8">HIS</subfield>
    <subfield code="a">MAIN</subfield>
    <subfield code="b">MAIN</subfield>
    <subfield code="c">GEN</subfield>
    <subfield code="d">2023-09-07</subfield>
    <subfield code="g">295.00</subfield>
    <subfield code="l">1</subfield>
    <subfield code="o">954 SEN</subfield>
    <subfield code="p">29352</subfield>
    <subfield code="r">2023-11-25 00:00:00</subfield>
    <subfield code="s">2023-11-04</subfield>
    <subfield code="t">4</subfield>
    <subfield code="w">2023-09-07</subfield>
    <subfield code="y">BK</subfield>
  </datafield>
  <datafield tag="952" ind1=" " ind2=" ">
    <subfield code="0">0</subfield>
    <subfield code="1">0</subfield>
    <subfield code="2">ddc</subfield>
    <subfield code="4">0</subfield>
    <subfield code="7">0</subfield>
    <subfield code="8">HIS</subfield>
    <subfield code="a">MAIN</subfield>
    <subfield code="b">MAIN</subfield>
    <subfield code="c">GEN</subfield>
    <subfield code="d">2023-09-07</subfield>
    <subfield code="g">295.00</subfield>
    <subfield code="l">6</subfield>
    <subfield code="o">954 SEN</subfield>
    <subfield code="p">29353</subfield>
    <subfield code="r">2025-11-06 06:11:29</subfield>
    <subfield code="s">2025-10-09</subfield>
    <subfield code="t">5</subfield>
    <subfield code="w">2023-09-07</subfield>
    <subfield code="y">BK</subfield>
  </datafield>
</record>
